| 000 | 01216nam a2200277 a 4500 | ||
|---|---|---|---|
| 999 |
_c448439 _d448439 |
||
| 003 | BLK | ||
| 005 | 20230628135402.0 | ||
| 008 | 220307b bu |||||r|||| 00| | bu d | ||
| 040 | _aBLK | ||
| 041 |
_aBUL _cBUL |
||
| 080 |
_aТеатър. Сценично изкуство. Вж 725.82; 782; 82-2 _b792 _x(497.2)(092)(062) _z792(497.2)(092)(062) |
||
| 111 |
_9471247 _aДраматичен театър "Сава Огнянов" _cРусе _d2006 |
||
| 139 | _bД 87 | ||
| 245 |
_aРусенски театрален летопис _h[Малотир. изд.] |
||
| 260 |
_9441842 _aРусе _bб. и. _c2006 |
||
| 300 |
_a16 с. _bсъс сн. _c32 см |
||
| 380 | _a7 | ||
| 500 | _aВ чест на 135-годишнината от първото театрално представление в Русе, 95 години- Градски театър и 130 години от рождението на Сава Огнянов | ||
| 651 | 7 |
_9179462 _aРусе |
|
| 653 | 7 |
_9185505 _aДраматичен театър "Сава Огнянов" |
|
| 653 | 7 |
_9198069 _aтеатър |
|
| 653 | 7 |
_9187889 _aистория |
|
| 852 |
_bК _cК 792/Д 87 |
||
| 942 |
_cKNG _n0 _s1 _01 |
||
| 944 |
_aCR _c2022-03-11 _kК.Д. |
||